Statistics for Countries that border Myanmar

Click here to take the quiz!

General Stats

  • This quiz has been taken 21 times
  • The average score is 5 of 5

Answer Stats

Country % Correct
India
100%
China
95%
Laos
95%
Thailand
95%
Bangladesh
90%

Score Distribution

Percentile by Number Answered

Percent of People with Each Score

Your Score History

You have not taken this quiz